Φορτώνει......

Introduction to veterinary genetics

Λεπτομέρειες βιβλιογραφικής εγγραφής
Κύριος συγγραφέας: F.W Nicholas
Μορφή: Printed Book
Γλώσσα:Undetermined
Έκδοση: Oxford 1996
Oxford University Press
Θέματα:
LEADER 00679nam a2200241Ia 4500
008 141122s9999 xx 000 0 und d
020 |a 198542925 
040 |c . 
041 |a English 
082 |a 576.5 
082 |b NIC/IN 
100 |a F.W Nicholas 
245 |a Introduction to veterinary genetics 
245 |c F.W Nicholas 
260 |b Oxford 
260 |b Oxford University Press 
260 |c 1996 
300 |a 317 Pages 
650 |a Immunogenetics 
650 |a Molecular Biology 
942 |c BK 
999 |c 1084  |d 1084 
952 |0 0  |1 0  |4 0  |6 576_500000000000000_NICIN  |7 0  |9 1074  |a COVAS  |b COVAS  |d 0000-00-00  |l 21  |m 7  |o 576.5 NIC/IN  |p 16072  |r 2019-04-27  |s 2019-04-24  |w 2014-11-26  |y BK